000 00646nam a2200217Ia 4500
005 20220929153041.0
008 131103s9999 xx 000 0 und d
020 _a1405138017
_cRs 2287
040 _aLoreto College
041 _aEnglish
082 _a150
_bBUS
245 _aHandbook of the teaching of psychology
_cEdited by William Buskist and Stephen F. Davis
260 _aMalden, MA, USA
_bBlackwell Publishing
_c2006
300 _axii,358p
504 _aIncludes bibliographical references and index
650 _aPsychology
651 _aPsychology, Teaching
700 _aBuskist, William, ed
850 _aLCLIB
942 _cBK
999 _c15763
_d66242